La ley áurea / (Record no. 185356)

MARC details
000 -LEADER
campo de control de longitud fija 01366nam a2200301 i 4500
001 - NÚMERO DE CONTROL
campo de control 185356
003 - IDENTIFICADOR DE NÚMERO DE CONTROL
campo de control ES-MaACL
005 - FECHA Y HORA DE LA ÚLTIMA TRANSACCIÓN
campo de control 20250903014141.0
007 - CAMPO FIJO DE DESCRIPCIÓN FÍSICA--INFORMACIÓN GENERAL
campo de control de longitud fija t|
008 - DATOS DE LONGITUD FIJA--INFORMACIÓN GENERAL
campo de control de longitud fija 160524s2016 sp a |||| | spa d
080 ## - NÚMERO DE LA CLASIFICACIÓN DECIMAL UNIVERSAL
Número de la Clasificación Decimal Universal 511.1
080 ## - NÚMERO DE LA CLASIFICACIÓN DECIMAL UNIVERSAL
Número de la Clasificación Decimal Universal 510.2:1
100 1# - ENTRADA PRINCIPAL--NOMBRE DE PERSONA
Nombre de persona Suárez Rodríguez, José Luis,
Fechas asociadas al nombre 1931-2020
9 (RLIN) 108655
245 13 - MENCIÓN DEL TÍTULO
Título La ley áurea /
Mención de responsabilidad, etc. por José Luis Suárez Rodríguez ; ponencia y paráfrasis de Julio César Barreto García.
246 3# - FORMA VARIANTE DEL TITULO
Título propio/Titulo breve Ponencia y paráfrasis a la ley aúrea de José Luis Suárez Rodríguez.
Nombre de parte o sección de la obra Deducciones geométricas-algebraicas y genaralizaciones [sic] en triángulos rectángulos notables con catetos sucesivos
246 30 - FORMA VARIANTE DEL TITULO
Título propio/Titulo breve Deducciones geométricas-algebraicas y generalizaciones en triángulos rectángulos notables con catetos sucesivos
260 ## - PUBLICACIÓN, DISTRIBUCIÓN, ETC.
Lugar de publicación, distribución, etc. [Madrid] :
Nombre del editor, distribuidor, etc. Sección de Ciencia y Tecnología, Ateneo de Madrid :
-- Universidad Complutense :
-- Apis,
Fecha de publicación, distribución, etc. [2016]
300 ## - DESCRIPCIÓN FÍSICA
Extensión [16] p. :
Otras características físicas il. ;
Dimensiones 28 x 18 cm.
504 ## - NOTA DE BIBLIOGRAFÍA, ETC.
Nota de bibliografía, etc. Bibliografía: p. [16]
594 ## - Nota al título y mención de responsabilidad
Nota al título y mención de responsabilidad Descripción basada en cub.
597 ## - NOTA DE DESCRIPCIÓN FÍSICA
NOTA DE DESCRIPCIÓN FÍSICA P. sin numerar.
650 07 - PUNTO DE ACCESO ADICIONAL DE MATERIA--TÉRMINO DE MATERIA
Término de materia o nombre geográfico como elemento de entrada Aritmética
Fuente del encabezamiento o término embne
9 (RLIN) 9963
650 04 - PUNTO DE ACCESO ADICIONAL DE MATERIA--TÉRMINO DE MATERIA
Término de materia o nombre geográfico como elemento de entrada Matemáticas-
Subdivisión general Filosofía
9 (RLIN) 14825
700 1# - ENTRADA AGREGADA--NOMBRE PERSONAL
Nombre de persona Barreto García, Julio César.
9 (RLIN) 159631
710 2# - ENTRADA AGREGADA--NOMBRE DE ENTIDAD CORPORATIVA
Nombre de entidad corporativa o nombre de jurisdicción como elemento de entrada Ateneo de Madrid.
Unidad subordinada Sección de Ciencia y Tecnología.
9 (RLIN) 159632
852 ## - LOCALIZACIÓN
Ubicación ES-MaACL
Número de control de estantería 1765-F-19
Holdings
Estatus retirado Estado de pérdida Estado de daño No para préstamo Colección Biblioteca de origen Biblioteca actual Ubicación en estantería Fecha de adquisición Fuente de adquisición Total de préstamos Signatura topográfica completa Código de barras Visto por última vez Precio de reemplazo Tipo de ítem Koha
        Colección de folletos Biblioteca del Ateneo de Madrid Biblioteca del Ateneo de Madrid Depósito folletos 24/05/2016     1765-F-19 1195283 23/02/2023 23/02/2023 Folleto